000 00374nam a2200145Ia 4500
008 230917s9999||||xx |||||||||||||| ||und||
040 _e151355
_aMAIN
041 _aEnglish
082 _a320.07 A16N
100 _aAwasthi, P N
245 0 _aNagrik shastra shikshan vidhi
260 _aBhopal
_bMadhya Pradesh Hindi Granth Akademi
_c1973
300 _a270 p.
942 _cBK
999 _c221477
_d221477